000 00308nam a22001337a 4500
008 170623b xxu||||| |||| 00| 0 eng d
020 _a9780252068287
041 _aeng
080 _a94
100 _a21
101 _aSHP
245 _aTHE WILLAGE ENLIGHTENMENT IN AMERICA
_cHAZEN.C.J
942 _2udc
_cBK
999 _c18951
_d18951